| 000 | 00000nam##2200000za#4500 |
| 001 | 9.637698 |
| 003 | CaOODSP |
| 005 | 20210624221327 |
| 007 | cr ||||||||||| |
| 008 | 150407|2000||||xxc|||||o f|0| 0 fre|d |
| 040 | |aCaOODSP|bfre |
| 043 | |an-cn--- |
| 086 | 1 |aA22-216/2000F-PDF |
| 110 | 1 |aCanada. |bAgriculture et agroalimentaire Canada. |bDirection générale des politiques stratégiques. |
| 245 | 10|aL'inégalité de revenu au Canada : |h[ressource électronique]|bfamilles agricoles et non agricoles, 1985 à 1995 |
| 260 | |aOttawa - Ontario : |bAgriculture et Agroalimentaire Canada. |c2000. |
| 300 | |a70p.|bfigures (certaines en couleur), glossaire, tableaux |
| 500 | |aLe n° de catalogue (A22-216/2000F) et l'ISBN (0-662-85131-5) de l'édition imprimée ont été incorrectement copiés dans cette édition PDF. |
| 504 | |aBibliographie. |
| 546 | |aFrench |
| 590 | |a10-05-Supp|b2010-07-20 |
| 691 | 07|aExploitation agricole|2gcpds |
| 691 | 07|aRevenu familial|2gcpds |
| 775 | 08|tIncome inequality in Canada : |w(CaOODSP)9.693520 |
| 776 | 0#|tIncome inequality in Canada : |w(CaOODSP)9.662223 |
| 776 | 0#|tL'inégalité de revenu au Canada : |w(CaOODSP)9.662224 |
| 856 | 40|ahttp://publications.gc.ca|qPDF|s1000 Ko|uhttps://publications.gc.ca/collections/Collection/A22-216-2000F.pdf |